000 01027cam a22003017a 4500
003 CHAP
005 20220329142240.0
008 000327d1995 mx r 00110 spa d
010 _a80551
011 _a81523
035 _a91995
040 _cCHAP
090 _aFolleto 15912
110 0 _aMéxico. Secretaría de Medio Ambiente, Recursos Naturales y Pesca
_977201
245 1 0 _aCanal intracostero tamaulipeco
_c/por Secretaría de Medio Ambiente Recursos Naturales y Pesca
260 _aMéxico, D. F. :
_bSecretaría de Medio Ambiente Recursos Naturales y Pesca,
_c1995.
300 _a45 h.
590 _aBATCH-UPD
_b10
_c20130110
_lUCH01
_h0824
590 _aBATCH-UPD
_b10
_c20130410
_lUCH01
_h0502
590 _aBATCH-UPD
_b10
_c20130914
_lUCH01
_h0832
590 _aCONVERSION
_b10
_c20130109
_lUCH01
_h1345
650 1 4 _aCanales
_xMéxico.
_918264
650 1 4 _aCanales
_xTamaulipas.
_918272
901 _aBK
905 _aLilia Sánchez G.
942 _cFOLL
949 _aFolleto 15912
_bBC
_cFOLL
_d919951
_eTS1
_i91995
_sb
999 _c80551
_d80551